Rosario en la Historia : (Registro nro. 972)
[ vista simple ]
| 000 -LEADER | |
|---|---|
| fixed length control field | 02142nam a22002297a 4500 |
| 003 - CONTROL NUMBER IDENTIFIER | |
| control field | OSt |
| 005 - DATE AND TIME OF LATEST TRANSACTION | |
| control field | 20260325105116.0 |
| 008 - FIXED-LENGTH DATA ELEMENTS--GENERAL INFORMATION | |
| fixed length control field | 260325s 2000ag ||||| |||| 00| 0 spa d |
| 020 ## - INTERNATIONAL STANDARD BOOK NUMBER | |
| International Standard Book Number | 950-673-246-9 |
| 040 ## - CATALOGING SOURCE | |
| Transcribing agency | AR-RoUNCS |
| Original cataloging agency | AR-RoUNCS |
| 080 ## - UNIVERSAL DECIMAL CLASSIFICATION NUMBER | |
| Authority record control number or standard number | 94(821.6)"193/199" |
| 245 00 - TITLE STATEMENT | |
| Title | Rosario en la Historia : |
| Remainder of title | (de 1930 a nuestros días) |
| Number of part/section of a work | Tomo 1 / |
| Statement of responsibility, etc. | Alberto J. Pla, coordinador ; Marisa Armida ... [et al.]. |
| 260 ## - PUBLICATION, DISTRIBUTION, ETC. | |
| Place of publication, distribution, etc. | Rosario : |
| Name of publisher, distributor, etc. | UNR Editora, |
| Date of publication, distribution, etc. | 2000. |
| 300 ## - PHYSICAL DESCRIPTION | |
| Extent | 331 p. : |
| Other physical details | fot byn ; |
| Dimensions | 23 cm. |
| 500 ## - GENERAL NOTE | |
| General note | Incluye índice de Intendentes de Rosario y Gobernadores de Santa Fe de 1930 a 1999. - |
| 504 ## - BIBLIOGRAPHY, ETC. NOTE | |
| Bibliography, etc. note | Incluye referencias bibliográficas. - |
| 505 ## - FORMATTED CONTENTS NOTE | |
| Formatted contents note | Capítulo 1: Una ciudad de transición y crisis (1930-1943) - Una ciudad abierta, migraciones y diseño urbano - De comercios, fábricas y barcos - La política rosarina - La ciudad entre dos guerras: la Guerra Civil española y la Segunda Guerra mundial - Viejos y nuevos trabajadores en las calles rosarinas - El espejo de la ciudad moderna - ¿Una educación para todos? Universidad, escuelas, bibliotecas - Huelga y profesionalismo en el fútbol rosariono de la década del treinta.<br/>Capítulo 2: Los avatares del populismo (1943-1955) - ¿Un nuevo modelo de acumulación-Un nuevo pacto social? - Rosario en una nueva encrucijada: 1943-1945 - La política y el Peronismo en la Provincia - Rosario 1945-1955 - Los planes quinquenales y la repercusión social - Educación, universidad y peronismo - Eva perón : figura y símbolo de la militancia peronista - De las jornadas de junio al caso de Ingalinella - Las Jornadas de septiembre de 1955. Golpe gorila o Revolución libertadora. <br/>Capítulo 3: Entre la proscripción y el desarrollo (1955-1966) - Antinomias fuertes, unidades efímeras - La resistencia peronista - El desarrollismo - La política en la escena local - La administración como política. Luis Candido Carballo - Entre constituciones y golpes militares - El tibio triunfo del radicalismo. |
| 650 #7 - SUBJECT ADDED ENTRY--TOPICAL TERM | |
| Source of heading or term | embne |
| Topical term or geographic name entry element | Rosario |
| General subdivision | Historia |
| Chronological subdivision | 1930-1999 |
| 700 1# - ADDED ENTRY--PERSONAL NAME | |
| Personal name | Armida, Marisa |
| Relator term | autor |
| 700 1# - ADDED ENTRY--PERSONAL NAME | |
| Personal name | Pla, Alberto J. |
| Relator term | coordinador |
| Dates associated with a name | 1926-2008 |
| 942 ## - ADDED ENTRY ELEMENTS (KOHA) | |
| Source of classification or shelving scheme | Universal Decimal Classification |
| Koha item type | Libro de préstamo a domicilio |
| Suppress in OPAC | No |
| Withdrawn status | Lost status | Source of classification or shelving scheme | Damaged status | Not for loan | Collection | Home library | Current library | Date acquired | Source of acquisition | Total checkouts | Full call number | Barcode | Date last seen | Price effective from | Koha item type |
|---|---|---|---|---|---|---|---|---|---|---|---|---|---|---|---|
| Universal Decimal Classification | Colección General | Biblioteca Escuela de Ciencias Sociales | Biblioteca Escuela de Ciencias Sociales | 25/03/2026 | Donación 2025 | 94(821.6)"193/199" R789 | 000184 | 25/03/2026 | 25/03/2026 | Libro de préstamo a domicilio |